LEADER 01285nas 2200349-a 450 001 9910896091303321 005 20260218111228.0 035 $a(CKB)110978984348043 035 $a(CONSER)sn-85023507- 035 $a(DE-599)ZDB2772953-9 035 $a(DE-599)2772953-9 035 $a(EXLCZ)99110978984348043 100 $a20761124b190519uu --- b 101 0 $aspa 200 00$aRevista del Colegio Mayor de Nuestra Señora del Rosario 210 $aBogotá $cImprenta Eléctrica$d1905- 215 $a1 online resource 300 $aTitle from caption. 311 08$aPrint version: Revista del Colegio Mayor de Nuestra Señora del Rosario. 0120-3975 (DLC)sn 85023507 (OCoLC)2579099 531 $aCOLEGIO MAYOR DE NUESTRA SENORA DEL ROSARIO REVISTA 531 0 $aRev. Col. Mayor Nuestra Señora Rosario 606 $aHISTORIA$xPUBLICACIONES PERIODICAS$2renib 607 $aColombia$vPeriodicals 607 $aColombia$2fast 608 $aPeriodicals.$2fast 615 7$aHISTORIA$xPUBLICACIONES PERIODICAS. 712 02$aColegio Mayor de Nuestra Sen?ora del Rosario (Bogota?, Colombia) 906 $aJOURNAL 912 $a9910896091303321 920 $aexl_impl conversion 996 $aRevista del Colegio Mayor de Nuestra Señora del Rosario$94248113 997 $aUNINA